| 000 | 00438 a2200157 4500 | ||
|---|---|---|---|
| 005 | 20250403142729.0 | ||
| 020 | _a0-471-54842-1 | ||
| 082 | _a519.5 JOH | ||
| 100 | _aJOHNSON, R. A. | ||
| 245 | _aStatistics: Principles and Methods | ||
| 250 | _a2nd Ed. | ||
| 260 |
_aNew York, _bJohn Wiley & Sons, _c1987. |
||
| 300 |
_axvii, 686p.: ill,; figure, graph, photos, table _bIndex. _c23cm. |
||
| 700 | _aBHATTACHARYYA, G. K. | ||
| 942 |
_2ddc _cBKS |
||
| 999 |
_c1103 _d1103 |
||